Ártudatosság vizsgálata kávé vásárláskor egyetemisták körében

Elmentve itt :
Bibliográfiai részletek
Szerző: Dudás Cintia
További közreműködők: Prónay Szabolcs (Témavezető)
Dokumentumtípus: Szakdolgozat
Megjelent: 2021
Tárgyszavak:
Online Access:http://diploma.bibl.u-szeged.hu/127371
LEADER 00777nta a2200193 i 4500
001 dipl127371
005 20220720103118.0
008 220719s2021 hu om 0|| hun d
040 |a SZTE Diploma Repozitórium  |b hun 
041 |a hun 
100 1 |a Dudás Cintia 
245 1 0 |a Ártudatosság vizsgálata kávé vásárláskor egyetemisták körében  |h [elektronikus dokumentum] /  |c Cintia Dudás 
246 1 0 |a Examination of price consciousness regarding the purchase of coffee among university students  |h [elektronikus dokumentum] 
260 |c 2021 
650 4 |a Gazdaságtudományok 
650 4 |a Social sciences 
650 4 |a Economics and business 
700 1 |a Prónay Szabolcs  |e ths 
856 4 0 |u http://diploma.bibl.u-szeged.hu/id/eprint/127371/2/2021_dudas_cintia.pdf  |z Dokumentum-elérés